Swapnangalude Vyakhyanam = സ്വപ്നങ്ങളുടെ വ്യാഖ്യാനം (Record no. 300495)
[ view plain ]
| 000 -LEADER | |
|---|---|
| fixed length control field | 00437nam a22001577a 4500 |
| 020 ## - INTERNATIONAL STANDARD BOOK NUMBER | |
| International Standard Book Number | 9788182675971 |
| 040 ## - CATALOGING SOURCE | |
| Original cataloging agency | ddc |
| 082 ## - DEWEY DECIMAL CLASSIFICATION NUMBER | |
| Classification number | 150.1952 FRE/SW |
| 100 ## - MAIN ENTRY--PERSONAL NAME | |
| Personal name | Freud, Sigmund |
| 245 ## - TITLE STATEMENT | |
| Title | Swapnangalude Vyakhyanam = സ്വപ്നങ്ങളുടെ വ്യാഖ്യാനം |
| 250 ## - EDITION STATEMENT | |
| Edition statement | 2 |
| 260 ## - PUBLICATION, DISTRIBUTION, ETC. (IMPRINT) | |
| Place of publication, distribution, etc. | Kozhikode |
| Name of publisher, distributor, etc. | Mathrubhumi Books |
| Date of publication, distribution, etc. | 2018 |
| 300 ## - PHYSICAL DESCRIPTION | |
| Extent | 662 |
| 700 ## - ADDED ENTRY--PERSONAL NAME | |
| Personal name | Poduval, P.P.K. Trans. |
| 942 ## - ADDED ENTRY ELEMENTS (KOHA) | |
| Source of classification or shelving scheme | Dewey Decimal Classification |
| Koha item type | Books (General) |
| Withdrawn status | Lost status | Source of classification or shelving scheme | Damaged status | Not for loan | Home library | Current library | Shelving location | Date acquired | Cost, normal purchase price | Total Checkouts | Full call number | Barcode | Date last seen | Date checked out | Price effective from | Koha item type |
|---|---|---|---|---|---|---|---|---|---|---|---|---|---|---|---|---|
| Dewey Decimal Classification | College of Agriculture, Padannakkad | College of Agriculture, Padannakkad | 20/03/2019 | 625.00 | 3 | 150.1952 FRE/SW | KAU_COAP-10288 | 20/11/2021 | 23/10/2021 | 20/03/2019 | Books (General) |
